MARC details
| 000 -CABECERA |
| campo de control de longitud fija |
01487nam a22002537a 4500 |
| 003 - IDENTIFICADOR DEL NÚMERO DE CONTROL |
| campo de control |
OSt |
| 005 - FECHA Y HORA DE LA ÚLTIMA TRANSACCIÓN |
| campo de control |
20251103144905.0 |
| 008 - DATOS DE LONGITUD FIJA--INFORMACIÓN GENERAL |
| campo de control de longitud fija |
250910b |||||||| |||| 00| 0 eng d |
| 020 ## - NÚMERO INTERNACIONAL ESTÁNDAR DEL LIBRO |
| Número Internacional Estándar del Libro |
0148-2963 |
| 040 ## - FUENTE DE LA CATALOGACIÓN |
| Centro catalogador/agencia de origen |
English |
| Centro/agencia transcriptor |
tbs |
| 041 ## - CÓDIGO DE LENGUA |
| Código de lengua del texto/banda sonora o título independiente |
English |
| 100 ## - ENTRADA PRINCIPAL--NOMBRE DE PERSONA |
| Nombre de persona |
Ewing, Michael T. |
| 9 (RLIN) |
26394 |
| 245 ## - MENCIÓN DE TÍTULO |
| Título |
Brand death: A developmental model of senescence |
| Mención de responsabilidad, etc. |
/ Michael T. Ewing , Colin P. Jevons , Elias L. Khalil |
| 260 ## - PUBLICACIÓN, DISTRIBUCIÓN, ETC. |
| Nombre del editor, distribuidor, etc. |
Journal of Business Research |
| Fecha de publicación, distribución, etc. |
2009 |
| 362 ## - FECHAS DE PUBLICACIÓN Y/O DESIGNACIÓN SECUENCIAL |
| Fecha de publicación y/o designación secuencial |
Journal of Business Research Volume 62, Issue 3, March 2009, Pages 332-338 |
| 520 ## - SUMARIO, ETC. |
| Sumario, etc. |
Drawing on literature underpinning brand management in marketing, product life cycles in economics, fads in sociology and aging in biology, this paper argues that brand demise is inevitable and not necessarily caused by managerial incompetence. Rather, this demise is a natural part of a brand's developmental process, instigated by consumers seeking to satisfy not only their material needs (constitutive utility), but also their self-image (symbolic utility). This paper presents a model of brand senescence to explain this phenomenon and concludes with a discussion of the implications for managerial practice and marketing theory. |
| 653 ## - TÉRMINO DE INDIZACIÓN--NO CONTROLADO |
| Término no controlado |
Brand death |
| 653 ## - TÉRMINO DE INDIZACIÓN--NO CONTROLADO |
| Término no controlado |
Constitutive utility |
| 653 ## - TÉRMINO DE INDIZACIÓN--NO CONTROLADO |
| Término no controlado |
Symbolic utility |
| 700 ## - ENTRADA AGREGADA--NOMBRE PERSONAL |
| Nombre de persona |
Jevons, Colin P. |
| 9 (RLIN) |
26395 |
| 700 ## - ENTRADA AGREGADA--NOMBRE PERSONAL |
| Nombre de persona |
Khalili, Nader |
| 9 (RLIN) |
26333 |
| 856 ## - LOCALIZACIÓN Y ACCESO ELECTRÓNICOS |
| Identificador Uniforme del Recurso |
<a href="https://www-sciencedirect-com.hub.tbs-education.fr/science/article/pii/S0148296308001501">https://www-sciencedirect-com.hub.tbs-education.fr/science/article/pii/S0148296308001501</a> |
| 942 ## - ELEMENTOS DE ENTRADA AGREGADA (KOHA) |
| Fuente del sistema de clasificación o colocación |
Clasificación de Library of Congress |